000 00711nam a2200181Ia 4500
005 20250326143249.0
008 250326s9999 xx 000 0 und d
037 _aTextbook
040 _aFMSL
_beng
_cFMSL
041 _aeng
_2eng
084 _aZ2674 P4
_qFMSL
100 _aWadehra B L
245 0 _aLaw relating to patents trade marks copyright designs and geographical indications including semiconductor ntegrated circuits and layout-design; protection of plant varieties & TRIPS; Law relating to patents trade marks copyright designs and geographical
_cWadehra B L
260 _aDelhi
_bDelhi, Univeral Law
_c2004
300 _a673p
942 _cTB
_hZ2674 P4
999 _c1298833
_d1298833